| 000 | 03132cam a2200505 i 4500 | ||
|---|---|---|---|
| 001 | ocn809566356 | ||
| 003 | TZ-ArACH | ||
| 005 | 20220307133434.0 | ||
| 008 | 130701t20122012enka b 001 0 eng c | ||
| 010 | _a 2013371632 | ||
| 015 |
_aGBB289903 _2bnb |
||
| 016 | 7 |
_a016164357 _2Uk |
|
| 020 |
_a9781780681054 _q(paperback) |
||
| 020 |
_a1780681054 _q(paperback) |
||
| 035 |
_a(OCoLC)809566356 _z(OCoLC)819516637 |
||
| 040 |
_aUKMGB _beng _erda _cTZ-ArACH |
||
| 041 | 0 |
_aeng _bdut |
|
| 042 | _apcc | ||
| 049 | _aTZAA | ||
| 050 | 0 | 0 |
_aK5261 _b.B64 2012 |
| 100 | 1 |
_aBoersma, Martine, _d1984- _eauthor. |
|
| 245 | 1 | 0 |
_aCorruption : _ba violation of human rights and a crime under international law? / _cMartine Boersma. |
| 260 |
_aCambridge, United Kingdom ; _aAntwerp [Belgium] ; _aPortland [Oregon] : _bIntersentia, _c[2012] |
||
| 300 |
_axxiii, 491 pages : _billustrations ; _c24 cm. |
||
| 490 | 1 |
_aSchool of Human Rights Research series ; _vv. 56 |
|
| 500 | _aBased on the author's thesis (Ph. D.)--Maastricht University. | ||
| 500 | _a"NUR 828"--Title page verso. | ||
| 504 | _aIncludes bibliographical references (pages 437-468) and index. | ||
| 505 | 0 | _aGeneral introduction -- Basic issues -- Global and regional legal framework against corruption -- Treaty-based system : corruption as a topic in the work of the UN human rights treaty bodies -- Charter-based system : corruption as a topic in the UPR and the special procedures of the UN human rights council -- Regional human rights practice on the topic of corruption -- Taking it further : corruption as a human rights violation -- Situating corruption within international criminal law -- Corruption as a crime against humanity under international law de lege lata? -- Possibilities of combating corruption under international criminal law de lege ferenda? -- Summary -- Reflections and recommendations. | |
| 520 | _aCorruption - the abuse of public office for private or political gain - currently receives an increasing amount of attention from scholars and practitioners in various disciplines, including law. While the phenomenon is as old as mankind, the last 15 years have seen the rise of many anti-corruption treaties, aimed at criminalization, prevention, and cooperation. At the same time, there seems to be relatively little work done on corruption in the field of human rights law or international criminal law. This book argues that these areas of law can certainly contribute to fighting corruption, by giving a human face to both the victims and perpetrators. | ||
| 546 | _aSummary in Dutch. | ||
| 650 | 0 | _aPolitical corruption. | |
| 650 | 0 | _aInternational criminal law. | |
| 650 | 0 | _aHuman rights. | |
| 650 | 7 |
_aCorruption. _2eclas _913590 |
|
| 650 | 7 |
_aDroits de l'homme. _2eclas |
|
| 650 | 7 |
_aDroit pénal international. _2eclas |
|
| 650 | 7 |
_aHuman rights. _2fast |
|
| 650 | 7 |
_aInternational criminal law. _2fast |
|
| 650 | 7 |
_aPolitical corruption. _2fast |
|
| 650 | 7 |
_aHuman rights _2unbist |
|
| 650 | 7 |
_aHuman rights violations _2unbist |
|
| 830 | 0 |
_aSchool of Human Rights Research series ; _vv. 56. |
|
| 942 |
_2lcc _cBOOK |
||
| 999 |
_c6513 _d6513 |
||